000 00646nam a2200241 a 4500
999 _c10477
_d10477
001 10477
003 BD-JhCC
005 20180430131222.0
008 180430s1964 usa |||| |||| 000 0 eng d
020 _a0822004151
035 _a(BD-JhCC)10477
040 _aBD-JhCC
_dBD-JhCC
041 _aeng
082 _a863.3
_bSTU 1964
100 _aSturman, Marianne
245 _aDon Quixote :
_bnotes /
_c Marianne Sturman,
260 _aUSA :
_bCliffs Notes, Inc.
_c1964
300 _a89 p. :
_c19 cm.
504 _aIncludes bibliography
650 _aDon Quixote (Cervantes Saavedra, Miguel de)
650 _aSpanish poetry
942 _2ddc
_cBK